000 00944nam a22002777a 4500
001 BR8702328
003 BR-BrBNA
005 20230928092452.0
007 ta
008 230509b bl.||||| |||| 00| 0 por d
040 _aBR-BrBNA
_bpor
_cBiblioteca Nacional de Agricultura
041 _a(Por)
072 _aE70
_b1740
_b/G514
090 _ 1740 BR8702328
110 1 _aAssociacao de Credito e Assistencia Rural de Santa Catarina, Florianopolis (Brasil). Coordenacao de Horticultura
_9436
245 1 _aRelatorio implantacao e andamento da unidade de beneficiamento de cebolas de Ituporanga [Santa Catarina, Brasil]
260 3 _aFlorianopolis, SC (Brasil):
_c1981.
300 _a5 p.
500 _a(*) Documento disponível no(a) CEAGRI, Florianopolis, SC (Brazil)
650 _aCEBOLA
650 _aBENEFICIAMENTO
650 _aCOMERCIALIZACAO
650 _aSANTA CATARINA
909 _a202309
_bLucia
_c55
_dLucia Elande
942 _cBK
999 _c39252
_d39252